Cuesta abajo

Furkejuvvon:
Bibliográfalaš dieđut
Váldodahkki: Alas, Leopoldo
Materiálatiipa: Girji
Giella:Undetermined
Almmustuhtton: Barcelona, España Júcar 1985
Fáttát:
Fáddágilkorat: Lasit fáddágilkoriid
Eai fáddágilkorat, Lasit vuosttaš fáddágilkora!

MARC

LEADER 00000nam a2200000Ia 4500
008 170316s9999 xx 000 0 und d
040 |a cru BVZT 
090 |a 862 A-9c 
100 |a Alas, Leopoldo 
245 |a Cuesta abajo 
260 |a Barcelona, España 
260 |b Júcar 
260 |c 1985 
300 |a 314 páginas 
650 |a LITERATURA ESPAÑOLA 
999 |c 9498  |d 9498 
942 |c 15 D  |h 862 A-9c  |2 z